Text Book Of Applied Science-I (Record no. 305839)

MARC details
000 -LEADER
fixed length control field 00417nam a2200157Ia 4500
008 - FIXED-LENGTH DATA ELEMENTS--GENERAL INFORMATION
fixed length control field 230718s9999 xx 000 0 und d
041 ## - LANGUAGE CODE
Language code of text/sound track or separate title eng
082 ## - DEWEY DECIMAL CLASSIFICATION NUMBER
Classification number 600
Item number MOO
100 ## - MAIN ENTRY--PERSONAL NAME
Personal name Moolchandani A.
245 ## - TITLE STATEMENT
Title Text Book Of Applied Science-I
260 ## - PUBLICATION, DISTRIBUTION, ETC. (IMPRINT)
Date of publication, distribution, etc. 2003
Name of publisher, distributor, etc. Nirali Prakashan
300 ## - PHYSICAL DESCRIPTION
Extent 300
365 ## - TRADE PRICE
Currency code Rs.
Price amount 120.00
700 ## - ADDED ENTRY--PERSONAL NAME
Personal name Moolchandani A.,Parulekar P.,Panajkar R. & Pandit J.
906 ## - LOCAL DATA ELEMENT F, LDF (RLIN)
c ALLIED
b 15
Holdings
Withdrawn status Lost status Damaged status Not for loan Home library Current library Date acquired Vendor Budget Code Cost, normal purchase price Full call number Barcode Date last seen Discount Cost, replacement price Bill Date Koha item type Original Barcode
Withdrawn       Cummins College of Engineering for Women Pune Cummins College of Engineering for Women Pune 24/09/2003 MBS ALLIED 105.00 600 CCEP-BK-17046 18/07/2023 15 120.00 22/09/2003 Books 017046